000
00247 a2200097 4500
001
54160
100
_a
Armstrong,Karen
245
_a
Jerusalem
260
_a
USA
_b
Ballantine Books an Imprint of the Random House Pub Group
_c
090
_c
33780
_d
33780
942
_a
NUST-CAE
_c
M
_c
26425
999
_c
289233
_d
289233